| 000 | 00628nam a2200217Ia 4500 | ||
|---|---|---|---|
| 003 | OSt | ||
| 005 | 20230410162714.0 | ||
| 008 | 210423s2018 xx 000 0 und d | ||
| 020 | _a978-93-528-0647-8 | ||
| 040 | _cAL | ||
| 041 | _aeng | ||
| 082 |
_a336.2 _223 _bBHAG |
||
| 100 |
_aBHATTACHARJEE (Govind);BHATTACHARYA (Debasis) _985664 |
||
| 245 | _aGST and its aftermath: is consumer really the king | ||
| 260 |
_aNew Delhi _bSage Publications _c2018 |
||
| 300 |
_axx,219 _bPB |
||
| 365 |
_b450 _cINR |
||
| 650 |
_aPublic Finance _985665 |
||
| 906 | _aaftermath: ; consumer ; GST ; its ; king ; really | ||
| 942 |
_2ddc _cBK |
||
| 999 |
_c169589 _d169589 |
||